000 00177 a2200097 4500
020 _a9780061686276
041 _aeng
100 _aDorros,Arthur
245 _aAbuelo
942 _cBK
999 _c31777
_d31775